| 000 | nam a22 a 4500 | ||
|---|---|---|---|
| 999 |
_c452556 _d452556 |
||
| 003 | BLK | ||
| 005 | 20221208031210.0 | ||
| 008 | 200311b bul|||||r ||||||| ||bul|| | ||
| 040 | _aBLK | ||
| 041 |
_aBUL _cBUL |
||
| 080 |
_aВъзпитание на деца с увредени сетива и душевно болни _b376.3/.4 _x(075.2) _z376.3/.4(075.2) |
||
| 139 | _aЧитанка | ||
| 245 | 1 | 0 |
_aЧитанка _bЗа II кл. на помощните у-ща _cИв. Коларова; П. Денева; Ел. Найденова; Йорд. Стоянов |
| 250 | _a6. изд | ||
| 257 | _aBGR | ||
| 260 |
_aСофия _bНар. просв. _c1964 _9216179 |
||
| 300 |
_a126 с. _bс ил. _c25 см |
||
| 380 | _a3 | ||
| 500 | _aДруги авт.: Ел. Найденова, Йорд. Стоянов, П. Денева. 1. изд. 1953. | ||
| 650 | 0 |
_9248748 _aЧитанка - учебници за помощни училища |
|
| 653 | 7 |
_aчитанки _9200701 |
|
| 700 |
_aКоларова, Ив. _eсъавт. _91445 |
||
| 700 |
_aДенева, П. _eсъавт. _91445 |
||
| 700 |
_aНайденова, Ел. _eсъавт. _91445 |
||
| 700 |
_aСтоянов, Йорд. _eсъавт. _91445 |
||
| 852 |
_aЦб 30071 _bЦб |
||
| 942 |
_cKNG _n0 _s1 |
||
| 944 |
_aCR _c2022-04-07 _kМикаела Микова-Илиева |
||
| 999 | _d358002 | ||